| 000 | 00413nam a2200157Ia 4500 | ||
|---|---|---|---|
| 008 | 231217s9999 xx 000 0 und d | ||
| 041 | _aEnglish | ||
| 082 | _a001.64 BOO;1 | ||
| 100 | _aBooth, Taylor L | ||
| 245 | 0 | _aIntroduction to computer engineering: Hardware and software design | |
| 250 | _a3rd ed. | ||
| 260 |
_c1984 _bJohn Wiley |
||
| 300 | _a656 | ||
| 650 | _aComputer engineering | ||
| 942 | _cAA | ||
| 999 |
_c161918 _d161918 |
||